Category mangement as part of assortment policy in retail

Definícia, vývoj a procesy sortimentného manažmentu. Charakteristika výberovej politiky v maloobchode. Konkurenčné prínosy a prekážky v sortimentnom manažmente.

Na minha lista:
Detalhes bibliográficos
Autor principal: Hanzlíček, Lukáš
Formato: Capítulo de Livro
Idioma:inglês
Assuntos:
Tags: Adicionar Tag
Sem tags, seja o primeiro a adicionar uma tag!

MARC

LEADER 00000nla a2200000 4500
001 0197179
005 20240502073329.2
041 0 |a eng 
044 |a SK 
245 1 0 |a Category mangement as part of assortment policy in retail  |c Lukáš Hanzlíček 
520 |a Definícia, vývoj a procesy sortimentného manažmentu. Charakteristika výberovej politiky v maloobchode. Konkurenčné prínosy a prekážky v sortimentnom manažmente. 
610 2 0 |a manažment sortimentný 
610 2 0 |a maloobchod 
610 2 0 |a výhody konkurenčné 
610 2 0 |a konkurencieschopnosť 
100 1 |a Hanzlíček, Lukáš